000 00937nam a2200301 a 4500
001 vtls000654656
003 PNM
005 20201020164135.0
008 110907s2010 mau e 001 0 eng d
020 _a9781422157992
_qpaperback
039 9 _a201302060815
_bnorizan
040 _aPNM
_beng
_cPNM
_dPPAK
_erda
082 0 4 _a650.1
_223
090 0 0 _a650.1
_bHAR
_dG
245 0 0 _aHBR's 10 must reads On Managing Yourself /
246 3 _aHBR's ten must reads on managing yourself
246 3 _aHarvard business review's 10 must reads on managing yourself
264 1 _aBoston, Mass.
_bHarvard Business Review Press,
_c2010
300 _av, 198 pages
_c21 cm
336 _2rdacontent
_atext
337 _2rdamedia
_aunmediated
338 _2rdacarrier
_avolume
500 _aIncludes index
650 1 0 _aManagement
942 _2ddc
_cB
949 _63000019568
_a650.1 HAR KHM
_e001893755 (KHM)
949 _61000843642
_e2081615
999 _c179611
_d179611